César Montúfar: La estrategia de la defensa del Vicepresidente Jorge Glas es dilatar el proceso (Registro nro. 40215)
[ vista simple ]
| 000 -CABECERA | |
|---|---|
| Campo de control interno | nam a22 7a 4500 |
| 005 - FECHA Y HORA DE LA CATALOGACION | |
| Campo de control | 20171025113555.0 |
| 008 - ELEMENTOS DE LONGITUD FIJA - INFORMACION | |
| Elementos de Longitud Fija - Informaci | 171025b xxu||||| |||| 00| 0 eng d |
| 040 ## - ORIGEN DE LA CATALOGACION | |
| Origen de la Catalogación | ANE |
| 041 ## - CODIGO DE LENGUAJE | |
| Código de lenguaje del texto | Es |
| 082 ## - NUMERO DE CLASIFICACION DECIMAL DEWEY | |
| 1ra. Clasificación | RAD-1596 |
| 100 ## - ENTREVISTADO | |
| Entrevistado | Montúfar, César |
| Rol del entrevistado | acusador particular del segundo mandatario y dirigente de Concertación |
| 245 ## - TÍTULO GENERAL | |
| Título | César Montúfar: La estrategia de la defensa del Vicepresidente Jorge Glas es dilatar el proceso |
| 260 ## - EDITORIAL | |
| Ciudad | Quito |
| Televisora que emite el programa | Radio Sonorama-Entrevista |
| 300 ## - DESCRIPCION | |
| Duración en minutos, horas (del programa) | p. |
| 520 ## - RESUMEN | |
| Resumen | La estrategia de la defensa del Vicepresidente Jorge Glas es dilatar el proceso que por presunta asociación ilícita investiga la Fiscalía dentro del caso Odebrecht, para que caduque la prisión preventiva y así conseguir la libertad de los implicados, dijo César Montúfar, acusador particular del segundo mandatario y dirigente de Concertación. Montúfar alertó que eso sería caer una vez más en la impunidad, por lo que espera que la fiscalía emita un dictamen acusatorio e inicie el juicio respectivo. También cuestionó al Procurador del Estado Diego García a quien le desafió a firmar la acusación del Estado contra el Vicepresidente. Para Montúfar existen suficientes elementos de convicción recogidos durante la instrucción fiscal que demuestran es evidente que hay delincuencia organizada para tomarse los mal llamados sectores estratégicos que no son otra cosa que los grandes negocios del Estado donde se han detectado la mayoría de casos de corrupción. |
| 650 ## - DESCRIPTORES - TEMAS | |
| Temas - Descriptores | análisis procesos/César Montúfar/acusador particular dirigente Concertación/Radio Sonorama-entrevista/política y justicia Ecuador/estrategia defensa/vicepresidente Jorge Glas/presunta asociación ilícita/Fiscalía General/caso Odebrecht/caduque prisión preventiva/libertad implicados/caer impunidad/dictámen acusatorio/inicie juicio respectivo/Procurador Estado/Diego García/firmar acusación contra Glas/suficientes elementos convicción/ |
| 942 ## - ELEMENTOS DE KOHA | |
| Esquema de Clasificaci | |
| Tipo de Documento | Material Multimedia (radio y televisión) |
| Catalogador | IES. |
| Withdrawn status | Lost status | Fuente de Clasificaci | Damaged status | Not for loan | Ubicaci | Biblioteca | Fecha de Adquisición | Signatura Topogr | Código de barras | Date last seen | Price effective from | Tipo de Item |
|---|---|---|---|---|---|---|---|---|---|---|---|---|
| Biblioteca Asamblea Nacional | Biblioteca Asamblea Nacional | 2017-10-25 | RAD-1596 | RAD-1596 | 2017-10-25 | 2017-10-25 | Material Multimedia (radio y televisión) |